Opposites - Statistics

General Stats
  • This quiz has been taken 275 times
    261 since last reset
  • The average score is 13 of 15
Answer Stats
Hint Answer % Correct
Up Down
100%
Down Up
99%
Black White
99%
Cat Dog
98%
Yes No
98%
Hot Cold
97%
Remember Forget
92%
Question Answer
91%
Light Dark
91%
Yin Yang
89%
Left Right
79%
Forward Backward
78%
Odd Even
78%
Masculine Feminine
77%
North South
74%
No matching quizzes found
Score Distribution
Percent of People with Each Score
Percentile by Number Answered
Your Score History
You have not taken this quiz since the last reset